| 000 | 00713cam a22002171 4500 | ||
|---|---|---|---|
| 001 | af 47002395 | ||
| 003 | DLC | ||
| 005 | 20260227110813.0 | ||
| 008 | 831229s1943 au cf b 000 0 ger c | ||
| 010 | _aaf 47002395 | ||
| 035 | _a(OCoLC)10255379 | ||
| 040 |
_aYale Univ. Library _cNhD _dDLC |
||
| 050 | 0 | 0 |
_aDD801.B54 _bS38 |
| 100 | 1 | _aSchöner, Hellmut. | |
| 245 | 1 | 0 |
_aZweitausend Meter Fels, _bein Watzmann-ostwand-buch. Mit 54 Kunstdruckbildern. |
| 260 |
_aSalzburg, _bVerlag "Das Berglandbuch" _c[1943] |
||
| 300 |
_a182, [1] p. incl. front., plates, ports. _c23 cm. |
||
| 504 | _a"Die Watzmann-ostwand in der alpinen Literatur': p. 179-[180] | ||
| 651 | 0 | _aWatzmann (Germany) | |
| 650 | 0 | _aMountaineering. | |
| 999 |
_c1697 _d1697 |
||